Terror terrorism states and societies : (Record no. 38512)

MARC details
000 -LEADER
fixed length control field 00880nam a22002297a 4500
005 - DATE AND TIME OF LATEST TRANSACTION
control field 20100802104148.0
010 ## - LCCN (DPL NO)
LC control number ENG-97244
020 ## - INTERNATIONAL STANDARD BOOK NUMBER
International Standard Book Number 8188965561
Terms of availability 595.00
035 ## - SYSTEM CONTROL NUMBER
System control number EN-80777
037 ## - SOURCE OF ACQUISITION
Source of stock number/acquisition DBAD/PUB
082 ## - DEWEY DECIMAL CLASSIFICATION NUMBER
Classification number 363.325
245 ## - TITLE STATEMENT
Title Terror terrorism states and societies :
Remainder of title a historical and philosophical perspective /
Statement of responsibility, etc edited by Samir Kumar Das [and] Rada Ivekovic
260 ## - PUBLICATION, DISTRIBUTION, ETC. (IMPRINT)
Place of publication, distribution, etc New Delhi
Name of publisher, distributor, etc Woman unlimited
Date of publication, distribution, etc 2010
270 ## - ADDRESS
Address K- 36 Hauz khas Enclave Ground Floor
City New Delhi
Postal code 110016
300 ## - PHYSICAL DESCRIPTION
Extent xxviii,300p
Dimensions 21cm (Hb)
650 ## - SUBJECT ADDED ENTRY--TOPICAL TERM
Topical term or geographic name as entry element Terror
650 ## - SUBJECT ADDED ENTRY--TOPICAL TERM
Topical term or geographic name as entry element terrorism philosophy
700 ## - ADDED ENTRY--PERSONAL NAME
Personal name Das, Samir Kumar
9 (RLIN) 3770
700 ## - ADDED ENTRY--PERSONAL NAME
Personal name Ivekovic,Rada
9 (RLIN) 3771
942 ## - ADDED ENTRY ELEMENTS (KOHA)
Source of classification or shelving scheme Dewey Decimal Classification
Item type English Books
Classification part 363.325
Call number suffix TER
Holdings
Withdrawn status Lost status Not for loan Collection code Home library Current library Date acquired Source of acquisition Cost, normal purchase price Full call number Barcode Copy number Cost, replacement price Koha item type
    Not For Loan Non-fiction D.B.Act.Division D.B.Act.Division 02/08/2010 DBAD/PUB 595.00 363.325 TER EN-80777 1 595.00 English Books

© Delhi Public Library
Hit Counter
free hit counter